000 01102cam a2200229 4500
001 WB3823-01
008 020627n2002 000 0 eng u
035 _a(Sirsi) u118556
245 _aFairs may need permission
260 _c2002
490 _aAntiques Trade Gazette
_v(1545) 29 June 2002, 1(1)
520 _aThe Campaign for the Protection of Rural England is campaigning to change the law regarding car boot sales, motorsport meets and clay pigeon shoots but the proposed changes will also affect antique fairs that are currently allowed to operate without planning permission. The DETR issued a consultation document of changes to the use classes order and temporary uses provision in January 2002 as part of its planning reform proposals.
590 _aWB
650 _aPLANNING PERMISSION
650 _aANTIQUE FAIRS
650 _aTEMPORARY USES
650 _aTOWN AND COUNTRY PLANNING (GENERAL PERMITTED DEVELOPMENT) ORDER 1995
650 _aTOWN AND COUNTRY PLANNING (USE CLASSES) ORDERS
650 _aCONSULTATION DOCUMENTS
690 _aArts and antiques
_96217
942 _n0
999 _c70600
_d70600